Quiz Stand/Manieur JoJo's bizarre adventure - Statistiques

Statistiques générales
  • Ce quiz a été pris 266 fois
    261 depuis la dernière actualisation
  • Le résultat moyen est 8 sur 15
Statistiques - réponses
Stand Manieur % Correct
Crazy Diamond Josuke Higashikata
100%
Star Platinum Jotaro Kujo
89%
The World DIO
86%
C-Moon Enrico Pucci
79%
Echoes Koichi Hirose
77%
Dirty Deeds Done Dirt Cheep(D4C) Funny Valentine
75%
Sticky Fingers Bruno Bucciarati
72%
Soft & Wet Josuke Higashikata/Josefumi Kujo
65%
Hey Ya! Pocoloco
29%
Love Deluxe Yukako Yamagishi
27%
Sethan Alessi
24%
Notorious B.I.G Carne
21%
Goo Goo Dolls Gwess
21%
Born This Way Kei Nijimura
15%
Clash Squalo
15%
Aucun quiz correspondant
Distribution des résultats
% des personnes avec chaque résultat
Percentile par nombre de réponses
Votre historique - résultats
Vous n’avez pas pris ce quiz depuis la dernière actualisation